LEADER 01415nam a2200349 a 4500 001 000000149404 003 CaOOAMICUS 005 20160215143558.0 008 160215s2016 it u000 u ita r 020 $z978881420908-6* 032 $aLibriCat 040 $aPUL$bita 082 04$a346.45 100 1 $aPerfetti, Ubaldo.$0(OLS)http://pul/name/81156 245 13$aLa conclusione del contratto /$cUbaldo Perfetti. 260 $aMilano :$bGiuffrè,$c2016. 300 $aXI, 548 p. ;$c25 cm. 490 1 $aTrattato di diritto civile e commerciale 490 1 $aContratto in generale ;$v02 650 4$aContratti.$0(OLS)http://pul/subject/3380 650 4$aDiritto civile$zItalia.$0(OLS)http://pul/subject/3770 830 0$aTrattato di diritto civile e commerciale.$0(OLS)http://pul/title/56892 830 0$aContratto in generale ;$v02.$0(OLS)http://pul/title/188360 850 $aPUL 852 $aPUL$W1$xSL Diritto e Scienze Sociali 3$y79$m346. 45 PERUB 1$j172042$qDDC 21$B173660$CPULBib$Z2$F173660 $H127110 $81 941 1 $a9 960 $aDiritto contrattuale$93380 996 $6020$z978881420908-6*$9(OLS)http://pul/number/159688 996 $6082$a346.45$9(OLS)http://pul/classification/372 996 $6245$aLa conclusione del contratto$9(OLS)http://pul/title/131795 996 $6260$aMilano :$bGiuffrè$9(OLS)http://pul/publisher/48401 LEADER 01345nam a2200313 a 4500 001 000000155345 003 CaOOAMICUS 005 20161020123356.0 008 161020s2011 it u000 u ita r 020 $a9788842097754* 032 $aLibriCat 040 $aPUL$bita 082 04$a128 100 1 $aNannini, Sandro.$0(OLS)http://pul/name/98927 245 12$aL'anima e il corpo : $bun'introduzione storica alla filosofia della mente /$cSandro Nannini. 250 $aNuova ed. aggiornata e ampliata. 260 $aBari ; Roma :$bGius. Laterza & figli,$c2011. 300 $aXXX, 271 p. ;$c20 cm. 490 1 $aBiblioteca di cultura moderna ;$v1215 650 4$aMente e corpo.$0(OLS)http://pul/subject/21508 830 0$aBiblioteca di cultura moderna (Editori Laterza) ;$v1215.$0(OLS)http://pul/title/3128 850 $aPUL 852 $aPUL$W1$xSL Filosofia 3$y81$m128 NANSA 1$j178421$qDDC 21$B181635$CPULBib$Z2$F181635 $H128241 $81 941 1 $a9 996 $6020$a9788842097754*$9(OLS)http://pul/number/161367 996 $6082$a128$9(OLS)http://pul/classification/461 996 $6245$aL'anima e il corpo : $bun'introduzione storica alla filosofia della mente$9(OLS)http://pul/title/194999 996 $6260$aBari ; Roma :$bGius. Laterza & figli$9(OLS)http://pul/publisher/81307